000 00509nam a2200181Ia 4500
005 20260120124616.0
008 008 260114s9999 xx 000 0 eng d
020 _a9780762314621
037 _aEBOOK
040 _aCRL
_beng
_cCRL
041 _aeng
_2eng
084 _qCRL
245 0 _aEnvisioning a New Accountability
260 _bEmerald Publishing
_c2007
856 _uhttps://www.emerald.com/insight/publication/doi/10.1016/S1041-7060(2007)13
942 _cEBOOK
999 _c1500224
_d1500224